Legislación del trabajo /
Guardado en:
| Autor Principal: | |
|---|---|
| Formato: | Libro |
| Publicado: |
Argentina :
Stella,
1984
|
| Etiquetas: |
Agregar Etiqueta
Sin Etiquetas, Sea el primero en etiquetar este registro!
|
| LEADER | 01085nam a22001695a 4500 | ||
|---|---|---|---|
| 001 | CEM.cems003566 | ||
| 005 | 19000101000000.0 | ||
| 008 | 130507s1984##################000#0#####d | ||
| 003 | CEMS | ||
| 082 | 0 | 4 | |a 348.6 |
| 100 | 1 | |a Kechichian, Roberto | |
| 245 | 1 | 0 | |a Legislación del trabajo / |
| 260 | |a Argentina : |b Stella, |c 1984 | ||
| 300 | |a 304 p. | ||
| 505 | 0 | |a Conocimiento y conocimiento cient¡fico.-Enfoque existencial y biol¢gico. -Cultura, lenguaje y conocimiento.-Comienzo de la tradici¢n cient¡fico- filos¢fica.-Lenguaje y lenguaje cient¡fico.-Método en las ciencias naturales; formales y ciencias sociales.-Disciplinas que estudian el fen¢meno jur¡dico.-Historia del pensamiento jur¡dico.-Constituci¢n de las ciencias jur¡dicas; escuelas.-Normas y ordenamiento jur¡dico. -Fuentes del Derecho.-Método jur¡dico.-Derecho pol¡tico, constitucional, administrativo, financicero, penal procesal, civil y comercial.-Derecho del trabajo (social). | |
| 859 | |a CEMS |b BIB. CEMS - 11 de abril |h 348.6 |i K233 |p 16057.91 |t Ej.1 | ||
| 859 | |a CEMS |b BIB. CEMS - 11 de abril |h 348.6 |i K233 |p 22222.22 |t Ej.2 | ||
